Analýza dotací v soukromém sektoru na bázi podniku
Makroekonomická analýza dotácií z pohľadu verejného a súkromného sektora. Stanovenie celkových výdavkov štátneho rozpočtu z dotácií. Bilancia príjmov a výdavkov štátneho rozpočtu z titulu poskytnutia dotácie. Individuálna mikroekonomická analýza v súkromnom sektore na báze podniku.
Saved in:
| Main Author: | |
|---|---|
| Other Authors: | , |
| Format: | Book Chapter |
| Language: | Czech |
| Subjects: | |
| Tags: |
No Tags, Be the first to tag this record!
|
MARC
| LEADER | 00000naa a2200000 4500 | ||
|---|---|---|---|
| 001 | 0126992 | ||
| 005 | 20231116105048.0 | ||
| 041 | 0 | |a cze | |
| 044 | |a CZ | ||
| 245 | 1 | 0 | |a Analýza dotací v soukromém sektoru na bázi podniku |c Jiří Pšenčík, Jindra Kouřilová, Jaroslav Sedláček |
| 520 | |a Makroekonomická analýza dotácií z pohľadu verejného a súkromného sektora. Stanovenie celkových výdavkov štátneho rozpočtu z dotácií. Bilancia príjmov a výdavkov štátneho rozpočtu z titulu poskytnutia dotácie. Individuálna mikroekonomická analýza v súkromnom sektore na báze podniku. | ||
| 610 | 2 | 0 | |a dotácie |
| 610 | 2 | 0 | |a analýza ekonomická |
| 610 | 2 | 0 | |a financie verejné |
| 610 | 2 | 0 | |a rozpočet štátny |
| 610 | 2 | 0 | |a podnik |
| 610 | 2 | 0 | |a sektor verejný |
| 610 | 2 | 0 | |a sektor súkromný |
| 100 | 1 | |a Pšenčík, Jiří | |
| 700 | 1 | |a Kouřilová, Jindra | |
| 700 | 1 | |a Sedláček, Jaroslav | |